000 00807cab a2200241 4500
001 ABS60027
008 090401t1999 xxu||||| |||| 00| 0 eng d
035 _a(Sirsi) u91189
041 _aeng
245 _aRICS panels: supporting the surveying profession
260 _c1999
350 _a0
490 _aCSM (Chartered Surveyor Monthly)
_v8(6) February 1999, 27-30(4)
520 _aHighlights the work and functions of the RICS` various market, policy and practice panels. Gives a complete list of the panels and details of how to join them.
650 _aMARKET PANELS
650 _aORGANISATIONAL STRUCTURE
650 _aPOLICY PANELS
650 _aPRACTICE PANELS
650 _aRICS
690 _aMANAGEMENT-BUSINESS MANAGEMENT-PROFESSIONAL PRACTICE
942 _n0
948 _c09/02/1999
999 _c57865
_d57865